Statistics for All New York City Subway Stations

Click here to take the quiz!

General Stats

  • This quiz has been taken 4,359 times
    (846 since last reset)
  • The average score is 256 of 472

Answer Stats

HintAnswer% Correct
BrooklynQAvenue M
92%
Manhattan4 5 6Grand Central - 42nd Street
91%
BrooklynFAvenue N
90%
BrooklynFAvenue P
90%
BrooklynF GFourth Avenue - 9th Street
90%
Manhattan4 5 614th Street - Union Square
89%
ManhattanL14th Street - Union Square
89%
ManhattanN Q R W14th Street - Union Square
89%
BrooklynQAvenue H
89%
BrooklynQAvenue J
89%
ManhattanA C E14th Street
88%
ManhattanF M14th Street
88%
Manhattan1 2 314th Street
88%
ManhattanA C E34th Street - Penn Station
88%
Manhattan1 2 334th Street - Penn Station
88%
ManhattanB D F M42nd Street - Bryant Park
87%
ManhattanA C E42nd Street - Port Authority Bus Terminal
87%
ManhattanB D F M34th Street - Herald Square
86%
ManhattanN Q R W34th Street - Herald Square
86%
Manhattan734th Street - Hudson Yards
86%
QueensE MCourt Square - 23nd Street
86%
ManhattanF M23rd Street
85%
ManhattanA C E23rd Street
85%
ManhattanN Q RW23rd Street
85%
Manhattan4 623rd Street
85%
Manhattan1 223rd Street
85%
Manhattan1 259th Street - Columbus Circle
85%
ManhattanA B C D59th Street - Columbus Circle
85%
Queens774th Street - Broadway
85%
ManhattanN R WFifth Avenue/59th Street
85%
ManhattanN R WLexington Avenue/59th Street
85%
BrooklynFAvenue I
84%
ManhattanA B C D125th Street
83%
Manhattan1125th Street
83%
Manhattan2 3125th Street
83%
Manhattan4 5 6125th Street
83%
BrooklynD18th Avenue
83%
BrooklynN W18th Avenue
83%
BrooklynF18th Avenue
83%
Manhattan1 218th Street
83%
Manhattan4 5 659th Street
83%
BrooklynN R W59th Street
83%
ManhattanN Q R72nd Street
83%
ManhattanA B C72nd Street
83%
Manhattan1 2 372nd Street
83%
Manhattan1 286th Street
83%
Manhattan4 5 686th Street
83%
BrooklynN W86th Street
83%
BrooklynR86th Street
83%
ManhattanN Q R86th Street
83%
ManhattanA B C86th Street
83%
BrooklynQAvenue U
83%
BrooklynN WAvenue U
83%
BrooklynFAvenue U
83%
Manhattan2 3Central Park North - 110th Street
83%
QueensA SRockaway Park - 116th Street
83%
BrooklynF G15th Street - Prospect Park
82%
ManhattanA B C96th Street
82%
Manhattan1 2 396th Street
82%
Manhattan4 696th Street
82%
ManhattanN Q R96th Street
82%
Manhattan4 628th Street
81%
ManhattanN Q R W28th Street
81%
Manhattan1 228th Street
81%
Manhattan1Cathedral Parkway - 110th Street
81%
ManhattanA B CCathedral Parkway - 110th Street
81%
ManhattanA B C103rd Street
79%
Manhattan1103rd Street
79%
Manhattan4 6103rd Street
79%
Queens7103rd Street - Corona Plaza
79%
Manhattan4 6110th Street
79%
Manhattan1116th Street - Columbia University
79%
BrooklynN W20th Avenue
79%
BrooklynD20th Avenue
79%
QueensF21st Street - Queensbridge
79%
QueensE M RGrand Avenue - Newton
79%
BrooklynLGrand Street
79%
ManhattanB DGrand Street
79%
ManhattanE MLexington Avenue/53rd Street
79%
ManhattanF N Q RLexington Avenue - 63rd Street
79%
QueensG21st Street
78%
ManhattanAC E50th Street
78%
BrooklynD50th Street
78%
Manhattan1 250th Street
78%
ManhattanE MFifth Avenue/53rd Street
78%
Manhattan4 6116th Street
77%
Manhattan2 3116th Street
77%
ManhattanA B C116th Street
77%
ManhattanN Q R W57th Street - Seventh Avenue
77%
ManhattanA B C81st Street - Museum of Natural History
77%
QueensA SBroad Channel
76%
ManhattanJ ZBroad Street
76%
ManhattanSTimes Square
76%
ManhattanN Q R WTimes Square - 42nd Street
76%
Manhattan7Times Square - 42nd Street
76%
Manhattan1 2 3Times Square - 42nd Street
76%
The Bronx4161st Street - Yankee Stadiium
75%
The BronxB D161st Street - Yankee Stadium
75%
BrooklynD79th Street
75%
Manhattan1 279th Street
75%
ManhattanA B C D145th Street
74%
Manhattan1145th Street
74%
Manhattan3145th Street
74%
Queens733rd Street - Rawson Street
74%
Manhattan2 3135th Street
73%
ManhattanA B C135th Street
73%
ManhattanA C168th Street
73%
Manhattan1168th Strreet
73%
Manhattan4 633rd Street
73%
ManhattanB D F M47th Street - 50th Streets - Rockefeller Center
73%
BrooklynN R W53rd Street
73%
ManhattanF57th Street
73%
QueensE M R63rd Drive - Rego Park
73%
Manhattan1 266th Street - Lincoln Center
73%
ManhattanB D F MBroadway - Lafayette Street
73%
QueensE F M RForest Hills - 71st Avenue
73%
ManhattanAInwood - 207th Street
73%
QueensN W36th Avenue
72%
BrooklynD N R W36th Street
72%
QueensE M R36th Street
72%
ManhattanN Q R W49th Street
72%
BrooklynR77th Street
72%
Manhattan4 677th Street
72%
Queens782nd Street - Jackson Heights
72%
QueensJ85th Street - Forest Parkway
72%
BrooklynRBay Ridge - 95th Street
72%
The Bronx6Third Avenue - 138th Street
72%
QueensN WBroadway
71%
BrooklynGBroadway
71%
The BronxB D174th - 175th Streets
70%
The Bronx2 5Third Avenue - 149th Street
70%
QueensA111th Street
69%
Queens7111th Street
69%
QueensJ111th Street
69%
ManhattanB D155th Street
69%
ManhattanA C155th Street
69%
Manhattan1181st Street
69%
ManhattanA181th Street
69%
Manhattan4 651st Street
69%
Queens769th Street
69%
BrooklynN R W45th Street
68%
Queens746th Street - Bliss Street
68%
Queens752nd Street
68%
Queens761st Street - Woodside
68%
Manhattan4 668th Street - Hunter College
68%
QueensE F75th Avenue
68%
QueensJ Z75th Street - Elderts Lane
68%
Queens790th Street - Elmhurst Avenue
68%
Manhattan1 2Canal Street
68%
ManhattanN QCanal Street
68%
ManhattanJ M ZCanal Street
68%
ManhattanN R WCanal Street
68%
Manhattan4 6CanalStreet
68%
ManhattanA C ECanal Street
68%
Manhattan3Harlem - 148th Street
68%
ManhattanA C163rd Street - Amsterdam Avenue
67%
ManhattanA175th Street
67%
QueensE M R46th Street
67%
QueensE M R67th Avenue
67%
BrooklynD71st Street
67%
QueensE J ZJamaica Center - Parson/Archer
67%
The Bronx4 5138th Street - Grand Concourse
66%
BrooklynD25th Avenue
66%
BrooklynD N R W25th Street
66%
QueensN W30th Avenue
66%
Queens740th Street - Lowery Street
66%
QueensE M R65th Street
66%
QueensA88th Street
66%
ManhattanSGrand Central
66%
Manhattan7Grand Central
66%
The Bronx4149th Street - Grand Concourse
65%
The Bronx2 5149th Street - Grand Concourse
65%
ManhattanA190th Street
65%
Manhattan1191th Street
65%
Manhattan1207th Street
65%
The Bronx6Brook Avenue
65%
Queens7Flushing - Main Street
65%
QueensEJamaica - Van Wyck
65%
Manhattan2 3Park Place
65%
BrooklynSPark Place
65%
ManhattanEWorld Trade Center
65%
QueensJ Z104th Street
64%
QueensA104th Street
64%
QueensN W39th Avenue
64%
BrooklynD55th Street
64%
QueensA80th Street
64%
BrooklynD F N QConey Island - Stilwell Avenue
64%
QueensE FJamaica - 179th Street
64%
The BronxDNorwood - 205th Street
64%
Manhattan2 3Wall Street
64%
Manhattan4 5Wall Street
64%
Manhattan1137th Street - City College
63%
Manhattan4 5 6Brooklyn Bridge - City Hall
63%
BrooklynN WEighth Avenue
63%
BrooklynB QSeventh Avenue
63%
BrooklynF GSeventh Avenue
63%
The Bronx1Van Cortlandt Park - 242nd Street
63%
QueensJ Z121st Street
62%
Manhattan1157th Street
62%
The BronxB D167th Street
62%
The Bronx4167th Street
62%
BrooklynD62nd Street
62%
Manhattan4 6Astor Place
62%
BrooklynLCanarsie - Rockaway Parkway
62%
Manhattan1Marble Hill - 225th Street
62%
BrooklynGFulton Street
61%
ManhattanJ ZFulton Street
61%
ManhattanA CFulton Street
61%
Manhattan4 5Fulton Street
61%
Manhattan2 3Fulton Street
61%
The Bronx4170th Street
60%
The BronxB D170th Street
60%
BrooklynD N R WAtlantic Avenue - Barclays Center
60%
BrooklynB QAtlantic Avenue - Barclays Center
60%
Brooklyn2 3 4 5Atlantic Avenue - Barclays Center
60%
ManhattanN Q R WEighth Street - New York University
60%
BrooklynFAvenue X
59%
BrooklynA CClinton - Washington Avenues
59%
BrooklynGClinton - Washington Avenues
59%
The Bronx2 5174th Street
58%
The BronxB D182nd - 183rd Streets
58%
The Bronx25225th Street
58%
BrooklynJ M ZFlushing Avenue
58%
BrooklynGFlushing Avenue
58%
QueensF169th Street
57%
Manhattan1215th Street
57%
BrooklynLAtlantic Avenue
57%
Manhattan1 2 3Chambers Street
57%
ManhattanA CChambers Street
57%
ManhattanJ M ZChambers Street
57%
BrooklynSFranklin Avenue
57%
BrooklynA CFranklin Avenue
57%
Brooklyn2 3 4 5Franklin Avenue - Medgar Evers College
57%
Manhattan1 2Franklin Street
57%
QueensE F M RJackson Heights - Roosevelt Avenue
57%
BrooklynA CRockaway Avenue
57%
Brooklyn2 3 4 5Rockaway Avenue
57%
QueensARockaway Boulevard
57%
QueensE J ZSutphin Boulevard - Archer Avenue - JFK Airport
57%
ManhattanA B C D E F MWest Fourth Street - Washington Square
57%
The Bronx1238th Street
56%
BrooklynGBedford - Nostrand Avenues
56%
QueensAHoward Beach - JFK Airport
56%
Queens7Vernon Boulevard - Jackson Avenue
56%
ManhattanN R WWhitehall Street - South Ferry
56%
The Bronx2 5Wakefield - 241st Street
55%
The Bronx4176th Street
54%
The Bronx1231st Street
54%
BrooklynN R WCourt Street
54%
The Bronx4183rd Street
53%
QueensN WAstoria - Ditmars Boulevard
53%
ManhattanN R WCity Hall
53%
The Bronx2 5Jackson Avenue
53%
The Bronx2 5Prospect Avenue
53%
BrooklynD N R WProspect Avenue
53%
BrooklynB Q SProspect Park
53%
QueensN WAstoria Boulevard
51%
BrooklynA C FJay Street - MetroTech
51%
BrooklynN R WJay Street - MetroTech
51%
BrooklynF GSmith - Ninth Streets
51%
Manhattan1 2South Ferry
51%
BrooklynD N R WUnion Street
51%
BrooklynLBedford Avenue
50%
Queens7Mets - Willets Point
50%
ManhattanA C ESpring Street
50%
Manhattan4 6Spring Street
50%
ManhattanTemp ClosedWTC Cortlandt
50%
The Bronx2 5233rd Street
49%
Manhattan1 2Houston Street
49%
BrooklynA C GHoyt- Schermerhorn Streets
49%
The Bronx2 5219th Street
48%
BrooklynN WBay Parkway
48%
BrooklynFBay Parkway
48%
BrooklynDBay Parkway
48%
ManhattanLEighth Avenue
48%
QueensAFar Rockaway - Mott Avenue
48%
ManhattanLFirst Avenue
48%
Brooklyn2 3Hoyt Street
48%
BrooklynFKings Highway
48%
BrooklynN WKings Highway
48%
BrooklynB QKings Highway
48%
BrooklynDNinth Avenue
48%
BrooklynD N R WNinth Street
48%
ManhattanLThird Avenue
48%
ManhattanADyckman Street
47%
Manhattan1Dyckman Street
47%
BrooklynTemp ClosedCentral Avenue
46%
Brooklyn2 3 4 5Crown Heights - Utica Avenue
46%
Brooklyn2 5Flatbush Avenue - Brooklyn College
46%
ManhattanF MSecond Avenue
46%
ManhattanB D ESeventh Avenue
46%
Manhattan7Fifth Avenue
45%
ManhattanLSixth Avenue
45%
BrooklynB QBrighton Beach
44%
Brooklyn2 5Church Avenue
44%
BrooklynF GChurch Avenue
44%
BrooklynB QChurch Avenue
44%
QueensTemp ClosedMiddle Village - Metropolitan Avenue
44%
BrooklynA CNostrand Avenue
44%
Brooklyn2 3 4Nostrand Avenue
44%
BrooklynB D N Q R WDeKalb Avenue
43%
BrooklynLDeKalb Avenue
43%
QueensTemp ClosedForest Avenue
43%
BrooklynA CHigh Street
43%
The Bronx6Pelham Bay Park
43%
The Bronx2 5Pelham Parkway
43%
The Bronx2 5Pelham Parkway
43%
Queens7 N WQueensboro Plaza
43%
ManhattanJ M ZBowery
42%
BrooklynJ M ZMyrtle Avenue
42%
BrooklynGMyrtle - Willougby Avenues
42%
BrooklynLMyrtle - Wyckoff Avenues
42%
BrooklynTemp ClosedMyrtle - Wyckoff Avenues
42%
QueensAOzone Park - Lefferts Boulevard
42%
ManhattanN Q R WPrince Street
42%
QueensE M RQueens Plaza
42%
ManhattanN R WRector Street
42%
Manhattan1 2Rector Street
42%
BrooklynA CUtica Avenue
42%
Manhattan4 6Bleecker Street
41%
Manhattan4 5Bowling Green
41%
BrooklynJ ZBroadway Junction
41%
BrooklynA CBroadway Junction
41%
BrooklynLBroadway Junction
41%
Manhattan1 2Christopher Street - Sheridan Square
41%
QueensGCourt Square
41%
Queens7Court Square
41%
BrooklynJ M ZLorimer Street
41%
BrooklynLLorimer Street
41%
BrooklynGMetropolitan Avenue
41%
BrooklynA CEuclid Avenue
40%
BrooklynLNew Lots Avenue
40%
Brooklyn2 3 4 5New Lots Avenue
40%
ManhattanFDelancey Street
39%
BrooklynLJefferson Street
39%
BrooklynA CLafayette Avenue
39%
BrooklynRBay Ridge Avenue
38%
Brooklyn4 5Borough Hall
38%
Brooklyn2 3Borough Hall
38%
ManhattanJ M ZEssex Street
38%
The BronxB DFordham Road
38%
The Bronx4Fordham Road
38%
BrooklynGGreenpoint Avenue
38%
BrooklynF GBergen Street
37%
Brooklyn2 3 4 5Bergen Street
37%
ManhattanN R WCortlandt Street
36%
BrooklynAGrant Avenue
36%
QueensE FKew Gardens - Union Turnpike
36%
BrooklynFYork Street
36%
BrooklynJ M ZMarcy Avenue
35%
The Bronx4Woodlawn
35%
ManhattanFEast Broadway
34%
The Bronx2 5Eastchester - Dyre Avenue
34%
ManhattanFRoosevelt Island
34%
QueensFSutphin Boulevard
34%
BrooklynF QWest Eighth Street - New York Aquarium
34%
QueensAAqueduct - North Conduit Avenue
33%
QueensAAqueduct Racetrack
33%
BrooklynF GCarroll Street
33%
Brooklyn2 3Clark Street
33%
Brooklyn2 3 4 5Nevins Street
33%
QueensE M RSteinway Street
33%
BrooklynDFort Hamilton Parkway
32%
BrooklynN WFort Hamilton Parkway
32%
BrooklynF GFort Hamilton Parkway
32%
Brooklyn2 3 4 5Grand Army Plaza
32%
BrooklynJHalsey Street
32%
BrooklynLHalsey Street
32%
BrooklynJ ZNorwood Avenue
32%
The Bronx6Parkchester
32%
BrooklynLBushwick Avenue - Aberdeen Street
31%
The Bronx2 5Gun Hill Road
31%
The Bronx2 5Gun Hill Road
31%
BrooklynGNassau Avenue
31%
BrooklynB QSheepshead Bay
31%
QueensA SBeach 105th Street
30%
QueensA SBeach 90th Street
30%
QueensE M RElmhurst Avenue
30%
Queens7Hunters Point Avenue
30%
Queens7Junction Boulevard
30%
QueensE FParsons Boulevard
30%
QueensE M RWoodhaven Boulevard
30%
QueensJ ZWoodhaven Boulevard
30%
BrooklynJ ZAlabama Avenue
29%
QueensA SBeach 98th Street
29%
The Bronx6Cypress Avenue
29%
Brooklyn2 3 4 5Eastern Parkway - Brooklyn Museum
29%
Brooklyn2 5Newkirk Avenue - Little Haiti
29%
BrooklynB QNewkirk Plaza
29%
BrooklynQOcean Parkway
29%
The BronxB DTremont Avenue
29%
QueensABeach 25th Street
28%
QueensABeach 36th Street
28%
QueensABeach 44th Street
28%
QueensABeach 60th Street
28%
QueensABeach 67th Street
28%
The BronxB DBedford Park Boulevard
28%
The Bronx4Bedford Park Boulevard - Lehman College
28%
QueensE FBriarwood
28%
BrooklynA CLiberty Avenue
28%
BrooklynLLivonia Avenue
28%
BrooklynLMorgan Avenue
28%
The Bronx2 5Nereid Avenue
28%
Brooklyn2 5President Street - Medgar Evers College
28%
BrooklynJ M ZHewes Street
27%
The Bronx5Morris Park
27%
QueensE M RNorthern Boulevard
27%
BrooklynJ ZVan Siclen Avenue
27%
BrooklynA CVan Siclen Avenue
27%
Brooklyn2 3 4 5Van Siclen Avenue
27%
Brooklyn2 5Beverly Road
26%
BrooklynSBotanic Garden
26%
The BronxB DKingsbridge Road
26%
The Bronx4Kingsbridge Road
26%
Brooklyn2 3 4Kingston Avenue
26%
BrooklynA CKingston - Throop Avenues
26%
BrooklynFNeptune Avenue
26%
BrooklynLWilson Avenue
26%
The Bronx2 5Bronx Park East
25%
BrooklynGClasson Avenue
25%
BrooklynQCortelyou Road
25%
The Bronx2 5East 180th Street
25%
BrooklynLGraham Avenue
25%
The Bronx6Hunts Point Avenue
25%
BrooklynLMontrose Avenue
25%
The Bronx6Zerega Avenue
25%
BrooklynFDitmas Avenue
24%
The Bronx2 5Intervale Avenue
24%
BrooklynJKosciuszko Street
24%
The Bronx4Mosholu Parkway
24%
The Bronx2 5Simpson Street
24%
Brooklyn2 3 4 5Sutter Avenue - Rutland Road
24%
BrooklynQBeverley Road
23%
BrooklynJ ZCrescent Street
23%
BrooklynJCypress Hills
23%
BrooklynLEast 105th Street
23%
QueensTemp ClosedFresh Pond Road
23%
BrooklynJ ZGates Avenue
23%
Brooklyn2 3 4 5Junius Street
23%
BrooklynTemp ClosedKnickerbocker Avenue
23%
BrooklynQParkside Avenue
23%
QueensTemp ClosedSeneca Avenue
23%
BrooklynLSutter Avenue
23%
The Bronx6Buhre Avenue
22%
The Bronx6Elder Avenue
22%
Brooklyn2 3 4 5Pennsylvania Avenue
22%
BrooklynA CRalph Avenue
22%
The Bronx2 5West Farms Square - East Tremont Avenue
22%
The Bronx2 5Allerton Avenue
21%
The Bronx2 5Baychester Avenue
21%
BrooklynJ ZChauncey Avenue
21%
BrooklynJCleveland Street
21%
The Bronx2 5Freeman Street
21%
BrooklynQNeck Road
21%
BrooklynN WNew Utrecht Avenue
21%
BrooklynDBay 50th Street
20%
The Bronx4Burnside Avenue
20%
The Bronx6Castle Hill Avenue
20%
The Bronx6East 143rd Street - St Marys Street
20%
The Bronx6Longwood Avenue
20%
The Bronx6Middletown Road
20%
Brooklyn2 3 4 5Saratoga Avenue
20%
Brooklyn2 5Sterling Street
20%
The Bronx2 5Burke Avenue
19%
The Bronx4Mount Eden Avenue
19%
BrooklynA CShepherd Avenue
19%
The Bronx6Westchester Square - East Tremont Avenue
19%
The Bronx6Whitlock Avenue
19%
Brooklyn2 5Winthrop Street
19%
The Bronx6Morrison Avenue - Soundview
18%
The Bronx6St Lawrence Avenue
18%
The Bronx6East 149th Street
17%

Score Distribution

Percentile by Number Answered

Percent of People with Each Score

Your Score History

You have not taken this quiz since the last reset